Loading...
Mythology
| Main Author: | |
|---|---|
| Format: | Printed Book |
| Published: |
Scotland, Harper Collins
2000
|
| Subjects: |
| LEADER | 006900000a22002530004500 | ||
|---|---|---|---|
| 020 | |a 0-00-472370-8 | ||
| 082 | |a 201.3 P0 | ||
| 100 | |a Braysher, C M; Author | ||
| 245 | |a Mythology | ||
| 250 | |||
| 260 | |a Scotland, Harper Collins | ||
| 260 | |c 2000 | ||
| 460 | |a 192 | ||
| 465 | |a $.4.99 | ||
| 500 | |a C M Braysher | ||
| 500 | |a Includes index | ||
| 650 | |a Mythology, Celtic | ||
| 650 | |a Mythology, Egyptian | ||
| 650 | |a Mythology, Greek | ||
| 650 | |a Mythology, Norse | ||
| 650 | |a Mythology, Roman | ||
| 942 | |c BK | ||
| 999 | |c 31481 |d 31481 | ||
| 952 | |0 0 |1 4 |4 0 |6 201_300000000000000_P0 |7 0 |8 REF |9 31569 |a MGUL |b MGUL |c MI |d 2013-07-16 |e $.4.99 |l 0 |o 201.3 P0 |p 32008 |r 2013-07-16 |w 2013-07-16 |y REF | ||